Postcolonialism : critical concepts in literary and cultural studies
Αποθηκεύτηκε σε:
| Άλλοι συγγραφείς: | |
|---|---|
| Μορφή: | Βιβλίο |
| Γλώσσα: | English |
| Δημοσίευση: |
London ; : New York :
Routledge,
2000
|
| Θέματα: | |
| Ετικέτες: |
Προσθήκη ετικέτας
Δεν υπάρχουν, Καταχωρήστε ετικέτα πρώτοι!
|
MARC
| LEADER | 00000nam a2200000 i 4500 | ||
|---|---|---|---|
| 001 | 1/46921 | ||
| 008 | 030626s2000 eng d | ||
| 020 | |a 0-415-19360-5 (set) | ||
| 020 | |a 0-415-19361-3 (v.1) | ||
| 020 | |a 0-415-19362-1 (v.2) | ||
| 020 | |a 0-415-19363-X (v.3) | ||
| 020 | |a 0-415-19364-8 (v.4) | ||
| 020 | |a 0-415-23267-8 (v.5) | ||
| 035 | |l 10071987 | ||
| 040 | |a GR-MY-UA |b gre |e aacr | ||
| 041 | 0 | |a eng | |
| 082 | 0 | |a 325.3 |2 (21) | |
| 245 | 1 | 0 | |a Postcolonialism : |b critical concepts in literary and cultural studies / |c edited by Diana Brydon |
| 260 | |a London ; : |a New York : |b Routledge, |c 2000 | ||
| 300 | |a 5 τ.; |c 25 εκ. | ||
| 500 | |a Συλλογή από άρθρα δημοσιευμένα παλιότερα | ||
| 504 | |a Περιέχει βιβλιογραφία και ευρετήριο | ||
| 650 | 0 | 0 | |a Postcolonialism. |
| 700 | 1 | |a Brydon, Diana. |4 edt | |
| 852 | |a INST |b LESVOS |e 20030904 |h 325.3 POS |p 005100026848 |q 005100026848 |t BK |y 0 |z τ.5 | ||
| 852 | |a INST |b LESVOS |e 20030904 |h 325.3 POS |p 005100026849 |q 005100026849 |t BK |y 0 |z τ.3 | ||
| 852 | |a INST |b LESVOS |e 20030904 |h 325.3 POS |p 005100026850 |q 005100026850 |t BK |y 0 |z τ.2 | ||
| 852 | |a INST |b LESVOS |e 20030904 |h 325.3 POS |p 005100026851 |q 005100026851 |t BK |y 0 |z τ.1 | ||
| 852 | |a INST |b LESVOS |e 20030626 |h 325.3 POS |p 005100027043 |q 005100027043 |t BK |y 0 |z τ.4 | ||
| 852 | |a INST |b LESVOS |e 20030904 |h 325.3 POS |p 005100026848 |q 005100026848 |t BK |v τ.5: |y 0 |z τ.5 | ||
| 852 | |a INST |b LESVOS |e 20030904 |h 325.3 POS |p 005100026849 |q 005100026849 |t BK |v τ.3: |y 0 |z τ.3 | ||
| 852 | |a INST |b LESVOS |e 20030904 |h 325.3 POS |p 005100026850 |q 005100026850 |t BK |v τ.2: |y 0 |z τ.2 | ||
| 852 | |a INST |b LESVOS |e 20030904 |h 325.3 POS |p 005100026851 |q 005100026851 |t BK |v τ.1: |y 0 |z τ.1 | ||
| 852 | |a INST |b LESVOS |e 20030626 |h 325.3 POS |p 005100027043 |q 005100027043 |t BK |v τ.4: |y 0 |z τ.4 | ||
| 852 | |a INST |b RHODES |e 20040119 |h 325.3 POS |p 005400019877 |q 005400019877 |t BK |y 0 |z v.5 | ||
| 852 | |a INST |b RHODES |e 20040119 |h 325.3 POS |p 005400019878 |q 005400019878 |t BK |y 0 |z v.4 | ||
| 852 | |a INST |b RHODES |e 20040119 |h 325.3 POS |p 005400019879 |q 005400019879 |t BK |y 0 |z v.3 | ||
| 852 | |a INST |b RHODES |e 20040119 |h 325.3 POS |p 005400019880 |q 005400019880 |t BK |y 0 |z v.2 | ||
| 852 | |a INST |b RHODES |e 20040114 |h 325.3 POS |p 005400019881 |q 005400019881 |t BK |y 0 |z v.1 | ||
| 852 | |a INST |b RHODES |e 20040119 |h 325.3 POS |p 005400019877 |q 005400019877 |t BK |v v.5: |y 0 |z v.5 | ||
| 852 | |a INST |b RHODES |e 20040119 |h 325.3 POS |p 005400019878 |q 005400019878 |t BK |v v.4: |y 0 |z v.4 | ||
| 852 | |a INST |b RHODES |e 20040119 |h 325.3 POS |p 005400019879 |q 005400019879 |t BK |v v.3: |y 0 |z v.3 | ||
| 852 | |a INST |b RHODES |e 20040119 |h 325.3 POS |p 005400019880 |q 005400019880 |t BK |v v.2: |y 0 |z v.2 | ||
| 852 | |a INST |b RHODES |e 20040114 |h 325.3 POS |p 005400019881 |q 005400019881 |t BK |v v.1: |y 0 |z v.1 | ||
| 853 | |a INST |b LESVOS |h 325.3 POS | ||
| 853 | |a INST |b RHODES |h 325.3 POS | ||
| 901 | |a BIBL4-2004-1 | ||
| 901 | |a BIBL1-2003-2 | ||
| 909 | |a Ρ |b 107722 | ||
| 909 | |a Ρ |b 107723 | ||
| 909 | |a Ρ |b 107724 | ||
| 909 | |a Ρ |b 107725 | ||
| 909 | |a Ρ |b 107726 | ||
| 909 | |a Λ |b 105365 | ||
| 909 | |a Λ |b 105364 | ||
| 909 | |a Λ |b 105363 | ||
| 909 | |a Λ |b 105362 | ||
| 909 | |a Λ |b 105361 | ||
| 922 | |a 4ΕΛΗ |b 200312 |c ΕΠΕΑΕΚ2/ΤΕΠΑΕΣ |d ΜΙΧΑΛΟΠΟΥΛΟΣ | ||
| 922 | |a 1ΕΛΗ |b 200305 |c ΕΠΕΑΕΚ2/ΤΚΑ |d ΠΑΠΑΣΩΤΗΡΙΟΥ & ΕΛΕΥΘΕΡΟΥΔΑΚΗΣ | ||
| 950 | |a 096-2003-10-23 | ||
| 950 | |a 117-2002-09-20 | ||
| 970 | |a ΚΟΥΛΑΚΙΟΤΗ |b ΛΙΤΣΑ |z 2004/01/19 | ||
| 970 | |a ΚΑΡΑ |b ΓΙΑΣΕΜΗ |z 2003/07/07 | ||